000
00233nam a22000857a 4500
008
161017b xxu||||| |||| 00| 0 eng d
100
_9
880
_a
NCERT
245
_a
Syllabus for classes at the elementary level
260
_a
New Delhi
_b
NCERT
_c
2007
999
_c
3531
_d
3531